| 000 | 00957cam a22001935a 4500 | ||
|---|---|---|---|
| 001 | L155424 | ||
| 008 | 120321s1798 xxk f 000 0 eng d | ||
| 035 | _a(Sirsi) u155424 | ||
| 041 | 0 | _aeng | |
| 100 | 1 | _aMiddleton, John | |
| 245 | 0 | 0 |
_aView of the agriculture of Middlesex _bwith observations on the means of its improvement, and several essays on agriculture in general. Drawn up for the consideration of the Board of Agriculture, by John Middleton, Esq. ... Accompanied by the remarks of several respectable gentlemen and farmers |
| 260 |
_aLondon _bprinted by B. Macmillan; for G. Nicol; and sold by G. G. and J. Robinson; J. Sewell; Cadell and Davies; W. Creech, Edinburgh; and John Archer, Dublin _c1798 |
||
| 300 |
_axvii, [3], 597, [1] p., plates, table _bmaps, ills _c8o |
||
| 520 | _aWith a half-title. | ||
| 583 |
_aCondition reviewed _c20120620 _lcondition level 1 |
||
| 651 | 4 |
_aGreat Britain _y1707- |
|
| 690 |
_aRural _96268 |
||
| 942 | _n0 | ||
| 999 |
_c113563 _d113563 |
||